| 000 | 00815nam a2200253Ia 4500 | ||
|---|---|---|---|
| 008 | |||
| 020 | _a0727915541(pbk) | ||
| 049 | _aMAIN | ||
| 090 |
_aRJ370 _bADV |
||
| 245 | 0 | 0 |
_aAdvanced paediatric life support : _bthe practical approach / _cAdvanced Life Support Group ; edited by Kevin Mackway-Jones ... [et al.] |
| 250 | _a3rd ed. | ||
| 260 |
_aLondon : _bBMJ, _c2001. |
||
| 300 |
_axvi, 336 p. : _bill. ; _c30 cm. |
||
| 500 | _aIncludes index. | ||
| 650 | 0 | _aPediatric emergencies. | |
| 650 | 0 | _aPediatric intensive care. | |
| 700 | 1 | _aMackway-Jones, Kevin. | |
| 710 | 2 | _aAdvanced Life Support Group (Manchester, England) | |
| 907 |
_a.b10266914 _b29-01-14 _c22-09-09 |
||
| 003 | |||
| 005 | 20230120204018.0 | ||
| 040 | _cNUST | ||
| 942 |
_cBOOKS _kRJ370 _mADV |
||
| 999 |
_c115562 _d115562 |
||